Obálka Náhled e-knihy:
PDF Epub
Pro půjčování e-knih musíte být přihlášeni.
Jak si půjčit online?

Tamara /

Mladá lékařka Tamara pochází z Ruska. Její rodina nedávno přesídlila do Prahy a ona se snaží nalézt odpovídající uplatnění. Když se Tamaře podaří tento problém vyřešit, nastanou další a podstatně složitější. Musí čelit svým příbuzným, řešit problematický partnerský vztah i bojovat o rodové dědictví....

Celý popis

Uloženo v:
Hlavní autor: Mouseová, Martina (Autor)
Médium: E-kniha
Jazyk:Czech
Vydáno: Praha : E-knihy jedou, 2017
Tagy:
Žádné tagy
LEADER 01552nam a22002297i 4500
001 310815
007 ta
008 260601s2017 xr ||||| |||| 00| 0 cze d
020 |a 9788075129840 
044 |a xr 
100 1 |a  Mouseová, Martina  |4 aut 
245 1 0 |a Tamara /  |c  Mouseová, Martina 
264 1 |a Praha :  |b E-knihy jedou,  |c 2017 
300 |a 1 online zdroj (275 stran) 
336 |a text  |b txt  |2 rdacontent 
337 |a bez média  |b n  |2 rdamedia 
338 |a online zdroj  |b cr  |2 rdacarrier 
520 2 |a Mladá lékařka Tamara pochází z Ruska. Její rodina nedávno přesídlila do Prahy a ona se snaží nalézt odpovídající uplatnění. Když se Tamaře podaří tento problém vyřešit, nastanou další a podstatně složitější. Musí čelit svým příbuzným, řešit problematický partnerský vztah i bojovat o rodové dědictví. Tamara zjišťuje, že její rod už po staletí ukrývá obrovské tajemství. Román se odehrává v současné Praze, v Rusku, ale také v Paříži. Děj románu líčí jak současný život, tak historické události, které současnost neustále ovlivňují. 
910 |a RBIT002 
998 |d 174676  |a https://core.palmknihy.cz/api/books/174676/cover?j3ad9w  |b https://core.palmknihy.cz/api/books/174676/cover/400?lz6296  |c https://core.palmknihy.cz/api/books/174676/cover/50?okg0hf  |e   |g 275  |i 9788075129840  |j https://core.palmknihy.cz/api/books/174676/preview.epub  |k https://core.palmknihy.cz/api/books/174676/preview.pdf  |l   |q 49  |r 1  |s https://www.palmknihy.cz/kniha/174676  |t ebook  |y 2017  |z 1 
999 |d 310813